000
00241 a2200097 4500
001
14666
100
_a
Abu-ul-Hassan Nadvi
245
_a
Maghrab say kuch saaf saaf batain
260
_a
Karachi
_b
Majils Nasryat Islam
_c
090
_c
11452
_d
11452
942
_a
NUST-CAE
_c
M
_c
1617
999
_c
249739
_d
249739